LEADER 01765nam a2200301 u 4500 001 000000008464 003 CaOOAMICUS 005 20070226105110.0 008 940516m19521955it u000 u lat u 035 $a10218180 040 $aPUL(R)$bita 100 1 $aJorlot, P. G.,$cS.I.$0(OLS)http://pul/name/8455 245 10$aDe principiis ethicae socialis :$bDocumenta ultimorum Romanorum pontificum /$cCollegit P.G. Jarlot, S.I. 260 $aRomae :$bPont. Universitas Gregoriana,$c1952-1955. 300 $a2 v. ;$c22 cm 490 1 $aTextus et documenta in usum exercitationum et praelectionum academicarum (Pontificia Universitas Gregoriana).$aSeries philosophica ;$v3, 16 505 0 $av. 1. Leonis XIII, Pii X, Benedicti XV. -- v. 2. Documenta Pii XI et Pii XII. 650 4$aFilosofia$xTesti e documenti.$0(OLS)http://pul/subject/2986 650 4$aEncicliche sociali.$0(OLS)http://pul/subject/119 710 2 $aPontificia Università Gregoriana.$0(OLS)http://pul/name/147 830 0$aTextus et documenta in usum exercitationum et praelectionum academicarum (Pontificia Universitas Gregoriana).$pSeries philosophica ;$v3, 16.$0(OLS)http://pul/title/794 850 $aPUL 852 $aPUL$W1$xDP1 Fondo Pastorale$y55$mP19 D 37.1-2$j11957$nBK-PRI$b $qFondi$B11957$CPULBib$Z2$F11957 $H $81 852 $aPUL$W1$xDP1 Fondo Pastorale$y55$mP19 D 37.1-2$j11957$nBK-PRI$b $qFondi$B11958$CPULBib$Z2$F11958 $H $81 910 $aPontificia Universitas Gregoriana$9147 941 1 $a1 996 $6245$aDe principiis ethicae socialis :$bDocumenta ultimorum Romanorum pontificum$9(OLS)http://pul/title/12402 996 $6260$aRomae :$bPont. Universitas Gregoriana$9(OLS)http://pul/publisher/49939 LEADER 00885naa a2200229 u 4500 001 000000093630 003 CaOOAMICUS 005 20070226130134.0 008 010711s1962 fr u000 u eng u 035 $a10896999 040 $aPUL(R)$bita 100 1 $aDe Nova, Rodolfo.$0(OLS)http://pul/name/29602 245 10$aAdoption in comparative private international law /$cby Rodolfo De Nova. 260 $a[S. l. :$bs. n.],$c1962. 300 $aP. [69-158] 504 $aBibliografia in nota. 650 4$aDiritto internazionale privato.$0(OLS)http://pul/subject/2921 650 4$aAdozione e affiliazione.$0(OLS)http://pul/subject/13625 773 0 $tRecueil des cours$gv.III (1961) 773 0 $tRecueil des cours 1961$w()60045 996 $6245$aAdoption in comparative private international law$9(OLS)http://pul/title/120492 996 $6260$a[S. l. :$bs. n.]$9(OLS)http://pul/publisher/47882